[Event "Frankfurt Ch 2005"]
[Site "Ffm-Kalbach, LAZ"]
[Date "2006.05.02"]
[Round "2.1"]
[White "Telljohann, Sven"]
[Black "Behnick, Eckhard"]
[Result "1-0"]
[WhiteElo "2377"]
[BlackElo "1962"]
[PlyCount "81"]
[EventDate "2006.??.??"]

1. Nf3 d5 2. g3 c5 3. Bg2 Nc6 4. c4 d4 5. O-O e5 6. d3 Nf6 7. Na3 Bd6 8. Nc2
O-O 9. Bg5 h6 10. Bxf6 Qxf6 11. a3 Bf5 12. Nd2 Qe7 13. Ne4 Rab8 14. e3 Rfd8 15.
exd4 exd4 16. Re1 Qd7 17. b4 Bxe4 18. Bxe4 cxb4 19. axb4 Nxb4 20. Rxa7 Nxc2 21.
Qxc2 Bc5 22. Ra4 Ra8 23. Rea1 Rxa4 24. Rxa4 g6 25. Ra5 b6 26. Ra6 Re8 27. Kg2
Kg7 28. Bf3 Re7 29. Qa2 Qf5 30. Qb3 h5 31. Qd1 Qd7 32. Bd5 Qf5 33. h4 Re5 34.
Ra7 Re7 35. Ra8 Bb4 36. Be4 Qe5 37. Rd8 Qf6 38. Rc8 Bc5 39. Qa1 Qe6 40. Qa8 Kf6
41. Rxc5 1-0

[Event "Frankfurt Ch 2005"]
[Site "Ffm-Kalbach, LAZ"]
[Date "2006.05.02"]
[Round "2.2"]
[White "Cors, Heinz-Friedrich"]
[Black "Reschke, Stefan"]
[Result "0-1"]
[WhiteElo "1955"]
[BlackElo "2356"]
[PlyCount "40"]
[EventDate "2006.??.??"]

1. e4 g6 2. d4 c6 3. Nc3 d5 4. e5 h5 5. h3 Nh6 6. Nf3 Nf5 7. Bd3 Qb6 8. Ne2 c5
9. c3 Nc6 10. O-O cxd4 11. cxd4 Bd7 12. a3 a5 13. Rb1 e6 14. Bc2 Be7 15. Ba4
Bxa3 16. Bg5 Be7 17. Bxc6 Bxc6 18. Bf6 Bxf6 19. exf6 Qd8 20. g4 hxg4 0-1

[Event "Frankfurt Ch 2005"]
[Site "Ffm-Kalbach, LAZ"]
[Date "2006.05.02"]
[Round "2.3"]
[White "Klundt, Klaus"]
[Black "Hoti, Safet"]
[Result "1-0"]
[WhiteElo "2323"]
[BlackElo "1942"]
[PlyCount "77"]
[EventDate "2006.??.??"]

1. e4 c5 2. Nf3 Nc6 3. d4 cxd4 4. Nxd4 Nf6 5. Nc3 e5 6. Ndb5 d6 7. Bg5 a6 8.
Na3 b5 9. Bxf6 gxf6 10. Nd5 Bg7 11. g3 O-O 12. Bg2 f5 13. c3 fxe4 14. Bxe4 f5
15. Nf6+ Qxf6 16. Bxc6 Ra7 17. Nc2 f4 18. g4 Kh8 19. h3 e4 20. Qd5 e3 21. O-O-O
Re7 22. Qf3 exf2 23. Qxf2 f3 24. Nd4 b4 25. Rd3 bxc3 26. bxc3 Qg5+ 27. Kc2 Qc5
28. Rxf3 Rg8 29. Rd1 Rc7 30. Be4 Bd7 31. Qh4 h6 32. Rdd3 Rb8 33. Rf6 h5 34. g5
Bxf6 35. Qxh5+ Kg8 36. Qg6+ Bg7 37. Qh7+ Kf8 38. Rf3+ Ke8 39. Qg8+ 1-0

[Event "Frankfurt Ch 2005"]
[Site "Ffm-Kalbach, LAZ"]
[Date "2006.05.02"]
[Round "2.4"]
[White "Syed, Tareq"]
[Black "Legde, Georg"]
[Result "0-1"]
[WhiteElo "1931"]
[BlackElo "2311"]
[PlyCount "122"]
[EventDate "2006.??.??"]

1. e4 c5 2. Be2 Nc6 3. Nf3 Nf6 4. d3 g6 5. c3 Bg7 6. Nbd2 O-O 7. Nf1 d6 8. Ng3
e5 9. Bg5 h6 10. Bd2 Kh8 11. Qc1 Ng8 12. b4 Bg4 13. b5 Nce7 14. Nf1 Bd7 15. c4
a6 16. a4 f5 17. Ne3 f4 18. Nd1 g5 19. h3 Nf6 20. Nh2 h5 21. Nc3 Qe8 22. Kd1
Qg6 23. Kc2 Bh6 24. f3 Rf7 25. Qb2 Rg8 26. Rag1 Rh7 27. Be1 a5 28. Qc1 g4 29.
hxg4 hxg4 30. Bh4 g3 31. Bxf6+ Qxf6 32. Nf1 Kg7 33. Rh5 Be8 34. Rh3 Bd7 35. Rh5
Rgh8 36. Rgh1 Bg5 37. Rxh7+ Rxh7 38. Rxh7+ Kxh7 39. Nd2 Qh6 40. Bf1 Qh1 41. Qe1
Ng6 42. Qe2 Nh4 43. Nd1 Qg1 44. Nb3 Bd8 45. Kb2 Kh6 46. Kc2 Kg5 47. Kd2 Qh2 48.
Ke1 Qh1 49. Kd2 Be8 50. Kc2 Bh5 51. Nd2 Qg1 52. Kb1 Qh2 53. Kc2 Be8 54. Nb3
Nxf3 55. d4 Nxd4+ 56. Nxd4 cxd4 57. Nb2 Bh5 58. Qd3 f3 59. Qd2+ Kg6 60. Nd3 Bg5
61. Qxa5 fxg2 0-1

[Event "Frankfurt Ch 2005"]
[Site "Ffm-Kalbach, LAZ"]
[Date "2006.05.02"]
[Round "2.5"]
[White "Loos, Roland"]
[Black "Hierling, Stefan"]
[Result "1-0"]
[WhiteElo "2307"]
[BlackElo "1923"]
[PlyCount "71"]
[EventDate "2006.??.??"]

1. Nf3 Nc6 2. e4 e5 3. Bb5 d6 4. O-O Bd7 5. c3 Be7 6. Re1 Bf6 7. d4 Nge7 8. d5
Nb8 9. a4 O-O 10. Bxd7 Nxd7 11. a5 a6 12. c4 b6 13. Be3 bxa5 14. Bd2 a4 15.
Qxa4 Nb6 16. Qc2 Nd7 17. Nc3 Nc8 18. Ra3 Be7 19. Rea1 Nb8 20. b4 Nb6 21. Nd1
N6d7 22. Ra5 Qc8 23. Ne3 c6 24. Nf5 Re8 25. c5 cxd5 26. exd5 Bf8 27. c6 Nf6 28.
Ne3 e4 29. Nd4 Re5 30. Nc4 Rh5 31. Nb6 Qg4 32. Nxa8 Rxh2 33. Kxh2 Qh4+ 34. Kg1
Ng4 35. Bf4 Qf6 36. Qd2 1-0

[Event "Frankfurt Ch 2005"]
[Site "Ffm-Kalbach, LAZ"]
[Date "2006.05.02"]
[Round "2.6"]
[White "Rutkowski, Jörg"]
[Black "Lisanti, Andre"]
[Result "0-1"]
[WhiteElo "1919"]
[BlackElo "2281"]
[PlyCount "68"]
[EventDate "2006.??.??"]

1. e4 c5 2. Nf3 d6 3. Bb5+ Bd7 4. Bxd7+ Qxd7 5. O-O Nc6 6. Qe2 e6 7. Rd1 Be7 8.
Nc3 g5 9. d3 g4 10. Ne1 Nf6 11. Be3 Nd4 12. Qd2 Nh5 13. Ne2 Nxe2+ 14. Qxe2 Rg8
15. d4 cxd4 16. Rxd4 O-O-O 17. Rad1 Kb8 18. e5 f5 19. Qd2 d5 20. Nd3 Rc8 21. b3
Qb5 22. c4 dxc4 23. bxc4 Rxc4 24. Rxc4 Qxc4 25. Qa5 Qa6 26. Qxa6 bxa6 27. Bc5
Bxc5 28. Nxc5 Nf4 29. g3 Nh3+ 30. Kf1 Rc8 31. Rb1+ Ka8 32. Nxa6 Ng5 33. Rd1 Nf3
34. Rd7 Rc1+ 0-1

[Event "Frankfurt Ch 2005"]
[Site "Ffm-Kalbach, LAZ"]
[Date "2006.05.02"]
[Round "2.7"]
[White "Malek, Daniel"]
[Black "Rätsch, Kurt"]
[Result "1-0"]
[WhiteElo "2267"]
[BlackElo "1890"]
[PlyCount "109"]
[EventDate "2006.??.??"]

1. d4 d5 2. c4 e6 3. Nf3 Nf6 4. Nc3 Bb4 5. cxd5 Nxd5 6. Bd2 Nd7 7. e4 Nxc3 8.
bxc3 Be7 9. Bd3 b6 10. a4 a5 11. Qe2 Bb7 12. e5 c5 13. O-O Qc7 14. Bg5 Rd8 15.
Bxe7 Kxe7 16. Rfd1 Nf8 17. Qe3 h6 18. Nd2 Ng6 19. Ne4 c4 20. Bc2 Qc6 21. f3 Qc7
22. Nd6 Bd5 23. h4 Rhf8 24. h5 Nh8 25. Qf4 f5 26. Qg3 Rg8 27. Rab1 g5 28. hxg6
Rxg6 29. Qh4+ Kd7 30. Kf2 Rdg8 31. Rg1 Kc6 32. g4 Qg7 33. Qh2 fxg4 34. Bxg6
Qxg6 35. Rbc1 Qd3 36. Qf4 Bxf3 37. Rge1 h5 38. Kg1 Bd5 39. Qe3 Qh7 40. Rf1 Qe7
41. Rf6 Qg7 42. Rh6 Rf8 43. Rf1 Bf3 44. Rxe6 Qg8 45. Re7 Qd5 46. Qh6 Qg8 47.
Rg7 Be2 48. Rxg8 Rxf1+ 49. Kg2 Kd5 50. Rxh8 h4 51. Qxh4 Rf4 52. Rd8 Rf3 53.
Nf5+ Kc6 54. Qf6+ Kb7 55. Qe7+ 1-0

[Event "Frankfurt Ch 2005"]
[Site "Ffm-Kalbach, LAZ"]
[Date "2006.05.02"]
[Round "2.8"]
[White "Matzies, Alexander"]
[Black "Solonar, Stefan"]
[Result "0-1"]
[WhiteElo "1894"]
[BlackElo "2264"]
[PlyCount "108"]
[EventDate "2006.??.??"]

1. e4 d5 2. exd5 Qxd5 3. Nc3 Qd6 4. d4 Nf6 5. Bc4 c6 6. Nge2 Bg4 7. f3 Bf5 8.
Bf4 Qb4 9. Bb3 e6 10. Qd2 Nbd7 11. O-O-O a5 12. Rhe1 a4 13. a3 axb3 14. axb4
Ra1+ 15. Nb1 bxc2 16. Qxc2 Bxc2 17. Kxc2 Bxb4 18. Nbc3 Rxd1 19. Rxd1 Ke7 20.
Ra1 Bd6 21. Ra7 Rb8 22. g3 Nd5 23. Bd2 Nb4+ 24. Kb3 Na6 25. Na4 Nc7 26. Nac3
Na6 27. Na4 e5 28. Be3 Nc7 29. Nac3 Nf6 30. dxe5 Bxe5 31. Nd4 Kd7 32. Ra1 Ncd5
33. Bf2 g6 34. Kc4 Bd6 35. Kd3 Re8 36. Nb3 Nb4+ 37. Kd2 Kc7 38. Nc5 Rd8 39. Ke2
Nd7 40. N3e4 Be7 41. Ra4 Nxc5 42. Nxc5 Rd5 43. Rxb4 Bxc5 44. Bxc5 Rxc5 45. Kd3
h5 46. h4 Rd5+ 47. Kc3 Rf5 48. f4 Rd5 49. Re4 Kd7 50. Rb4 b5 51. Re4 c5 52. b3
Rd1 53. Re5 Kd6 54. Re8 Rd5 0-1

[Event "Frankfurt Ch 2005"]
[Site "Ffm-Kalbach, LAZ"]
[Date "2006.05.02"]
[Round "2.9"]
[White "Ahrends, Norbert"]
[Black "Schlamp, Robert"]
[Result "0-1"]
[WhiteElo "1884"]
[BlackElo "2228"]
[PlyCount "78"]
[EventDate "2006.??.??"]

1. d4 Nf6 2. c4 e6 3. Nc3 Bb4 4. Qc2 c5 5. e3 O-O 6. a3 Bxc3+ 7. Qxc3 d6 8. Nf3
b6 9. g3 Bb7 10. Bg2 Nbd7 11. O-O Ne4 12. Qc2 f5 13. b4 Qe8 14. Bb2 Qh5 15.
Rad1 cxb4 16. axb4 Rac8 17. Qa4 Rc7 18. c5 Ndf6 19. Qxa7 Nd5 20. cxd6 Nxd6 21.
Qa2 Ra8 22. Qb1 Nc3 23. Bxc3 Bxf3 24. Bxf3 Qxf3 25. Qb3 Kh8 26. d5 Ne4 27. Be5
Re7 28. h4 exd5 29. Qxd5 Rae8 30. Ba1 h6 31. Rdc1 Qg4 32. Kh2 f4 33. Qd1 fxg3+
34. Kg2 Qg6 35. h5 Qe6 36. fxg3 Ng5 37. Bd4 Qh3+ 38. Kf2 Qh2+ 39. Ke1 Rxe3+ 0-1

[Event "Frankfurt Ch 2005"]
[Site "Ffm-Kalbach, LAZ"]
[Date "2006.05.02"]
[Round "2.10"]
[White "Wahedi, Ahmad Siar"]
[Black "Stich, Christopher"]
[Result "1/2-1/2"]
[WhiteElo "2206"]
[BlackElo "1921"]
[PlyCount "131"]
[EventDate "2006.??.??"]

1. e4 g6 2. d4 d6 3. f3 Bg7 4. Be3 c5 5. Nc3 Qb6 6. Nd5 Qa5+ 7. Qd2 Qxd2+ 8.
Bxd2 Kd8 9. dxc5 dxc5 10. O-O-O Bd7 11. h4 Nf6 12. Nxf6 Bxf6 13. Be3 b6 14. g4
a6 15. g5 Bg7 16. h5 Nc6 17. c3 Ke8 18. Rd2 Ne5 19. Bf4 gxh5 20. Rxh5 Bb5 21.
c4 Nxc4 22. Rdh2 Ne5 23. Rxh7 Rxh7 24. Rxh7 Bxf1 25. Rxg7 Nd3+ 26. Kc2 Kf8 27.
Rh7 Kg8 28. Rh4 Nxf4 29. Rxf4 Rd8 30. Rh4 Kg7 31. Rh2 Rh8 32. Rxh8 Kxh8 33. f4
Kg7 34. f5 e6 35. Kd2 exf5 36. exf5 Kf8 37. f6 Ke8 38. Ke3 Bc4 39. a3 Kd7 40.
Kf4 Kd6 41. Nf3 Ke6 42. Ne5 Bd5 43. Ng4 b5 44. Ne3 Bb3 45. Nf5 Bc2 46. Ne7 Bb3
47. Nf5 Bc2 48. Ng3 a5 49. Ne4 Bxe4 50. Kxe4 a4 51. Kf4 b4 52. Ke4 bxa3 53.
bxa3 c4 54. Kd4 Kf5 55. Kxc4 Kxg5 56. Kb4 Kxf6 57. Kxa4 Ke5 58. Kb4 f5 59. Kc3
Ke4 60. a4 f4 61. a5 Ke3 62. a6 f3 63. a7 f2 64. a8=Q f1=Q 65. Qe8+ Kf3 66.
Qf8+ 1/2-1/2

[Event "Frankfurt Ch 2005"]
[Site "Ffm-Kalbach, LAZ"]
[Date "2006.05.02"]
[Round "2.11"]
[White "Noble, Fabian"]
[Black "Gramlich, Sebastian"]
[Result "0-1"]
[WhiteElo "1866"]
[BlackElo "2184"]
[PlyCount "84"]
[EventDate "2006.??.??"]

1. d4 d5 2. Nf3 Nc6 3. Bf4 Bg4 4. Nbd2 e6 5. c3 Bd6 6. Ne5 Nxe5 7. dxe5 Bc5 8.
Nb3 Bb6 9. Nd4 Ne7 10. Qa4+ c6 11. Bg5 Bh5 12. Nxc6 bxc6 13. Bxe7 Kxe7 14. Qh4+
f6 15. Qxh5 Qc7 16. exf6+ gxf6 17. e3 Rag8 18. g3 Rg5 19. Qh4 h5 20. Be2 a5 21.
Qa4 h4 22. O-O-O Bc5 23. Bd3 Qb6 24. Kb1 Rg7 25. Rdg1 Rb8 26. b3 h3 27. Kc2 Bd6
28. Qh4 Qc5 29. Qd4 Qa3 30. Qa4 Qxa4 31. bxa4 Rg4 32. Rb1 Rxa4 33. Rxb8 Bxb8
34. Kb3 Rg4 35. Bf1 Be5 36. Bxh3 a4+ 37. Kb2 Rb4+ 38. Ka3 Bxc3 39. Rc1 Rc4 40.
Bf1 Bb4+ 41. Kb2 Ba3+ 42. Kxa3 Rxc1 0-1

[Event "Frankfurt Ch 2005"]
[Site "Ffm-Kalbach, LAZ"]
[Date "2006.05.02"]
[Round "2.12"]
[White "Uwira, Oliver"]
[Black "Kolompar, Josef"]
[Result "1-0"]
[WhiteElo "2169"]
[BlackElo "1909"]
[PlyCount "85"]
[EventDate "2006.??.??"]

1. d4 e6 2. c4 Nf6 3. Nc3 d5 4. Bg5 Bb4 5. cxd5 exd5 6. e3 c6 7. Bd3 O-O 8. Qc2
h6 9. Bh4 Re8 10. Nge2 c5 11. O-O g5 12. Bg3 Nc6 13. Nb5 Ba5 14. Qxc5 a6 15.
Na3 Bb4 16. Qc2 Bd7 17. Nb1 Rc8 18. Nbc3 b5 19. Qd1 h5 20. h4 Bxc3 21. Nxc3 b4
22. hxg5 bxc3 23. gxf6 Bg4 24. Be2 cxb2 25. Rb1 Bf5 26. Rxb2 Qxf6 27. Bxh5 Kg7
28. Rb6 Qg5 29. Bf3 Be6 30. Bf4 Qh4 31. g3 Qh7 32. Bg2 Rh8 33. g4 Qh4 34. f3 f5
35. g5 Nd8 36. Be5+ Kg6 37. Bxh8 Qxh8 38. f4 Rc3 39. Qd2 Rc6 40. Rxc6 Nxc6 41.
Qc3 Ne7 42. Qc7 Kf7 43. g6+ 1-0

[Event "Frankfurt Ch 2005"]
[Site "Ffm-Kalbach, LAZ"]
[Date "2006.05.02"]
[Round "2.13"]
[White "Fischer, Arthur"]
[Black "Sadeghi, Behrang"]
[Result "0-1"]
[WhiteElo "1858"]
[BlackElo "2168"]
[PlyCount "44"]
[EventDate "2006.??.??"]

1. e4 e6 2. d4 d5 3. Nc3 Nf6 4. Bg5 dxe4 5. Bxf6 gxf6 6. Nxe4 Nd7 7. Bd3 Nb6 8.
Nf3 Nd5 9. O-O Nf4 10. Re1 h5 11. Bf1 Be7 12. Qd2 Ng6 13. Rad1 Kf8 14. Bd3 f5
15. Nc3 c6 16. Qe3 Qc7 17. Ne5 Nxe5 18. dxe5 Qb6 19. Qc1 a6 20. a3 Qc7 21. Qe3
c5 22. Ne2 c4 0-1

[Event "Frankfurt Ch 2005"]
[Site "Ffm-Kalbach, LAZ"]
[Date "2006.05.02"]
[Round "2.14"]
[White "Brüggemann, Ludger"]
[Black "Bonsen, Andreas"]
[Result "1/2-1/2"]
[WhiteElo "2158"]
[BlackElo "1885"]
[PlyCount "30"]
[EventDate "2006.??.??"]

1. e4 e6 2. d4 d5 3. Nd2 f5 4. exd5 exd5 5. c4 c6 6. Bd3 Nf6 7. Ne2 Bd6 8. c5
Bc7 9. Nf3 O-O 10. Bg5 Qe8 11. Bxf6 Rxf6 12. Qd2 b6 13. O-O-O bxc5 14. dxc5 Nd7
15. Qc3 a5 1/2-1/2

[Event "Frankfurt Ch 2005"]
[Site "Ffm-Kalbach, LAZ"]
[Date "2006.05.02"]
[Round "2.15"]
[White "Branda, Ralf"]
[Black "Kiesewetter, Ralf"]
[Result "1/2-1/2"]
[WhiteElo "2116"]
[BlackElo "1877"]
[PlyCount "96"]
[EventDate "2006.??.??"]

1. Nf3 d5 2. d4 Nf6 3. c4 e6 4. Nc3 Nbd7 5. Bg5 Be7 6. e3 h6 7. Bh4 c5 8. Rc1
b6 9. cxd5 Nxd5 10. Bxe7 Nxc3 11. Bxd8 Nxd1 12. Rxd1 Kxd8 13. dxc5 bxc5 14. Ne5
Ke7 15. Nc6+ Kf6 16. Be2 Bb7 17. Na5 Bc8 18. O-O Nb6 19. Rc1 Bd7 20. Rxc5 Rac8
21. Rfc1 Na4 22. Rxc8 Rxc8 23. Rxc8 Bxc8 24. b4 e5 25. Nc6 Nc3 26. Bc4 Be6 27.
Bxe6 Kxe6 28. a3 a6 29. Nb8 Nb5 30. a4 Nc7 31. e4 Kd6 32. Kf1 a5 33. b5 Ne6 34.
Nc6 Nc5 35. Nxa5 Nxa4 36. Nc4+ Kc5 37. Nxe5 f6 38. Ng4 Nc3 39. f3 Nxb5 40. Ke2
Kd4 41. h4 h5 42. Nf2 Nc3+ 43. Kd2 Nb1+ 44. Kc1 Nc3 45. Kc2 Ne2 46. Kd2 Ng3 47.
Nh3 f5 48. exf5 Nxf5 1/2-1/2

[Event "Frankfurt Ch 2005"]
[Site "Ffm-Kalbach, LAZ"]
[Date "2006.05.02"]
[Round "2.16"]
[White "Schreyer, Alois"]
[Black "Seidel, Andre"]
[Result "0-1"]
[WhiteElo "1855"]
[BlackElo "2094"]
[PlyCount "70"]
[EventDate "2006.??.??"]

1. e4 e6 2. d4 d5 3. Nc3 Nf6 4. e5 Nfd7 5. f4 c5 6. Nf3 Nc6 7. Be3 a6 8. Qd2
cxd4 9. Nxd4 Bc5 10. O-O-O Nxd4 11. Bxd4 b5 12. Bxc5 Nxc5 13. Qd4 Qb6 14. b4
Nd7 15. Qxb6 Nxb6 16. Rd4 Bd7 17. Bd3 Ke7 18. Kd2 g6 19. g4 h5 20. g5 Rhc8 21.
Rb1 Rc7 22. h4 Nc8 23. Nd1 Na7 24. Be2 Rac8 25. c3 Ke8 26. Rd3 Nc6 27. a3 Ne7
28. Rh3 Nc6 29. Rd3 Ne7 30. Rh3 Bc6 31. Bf3 Rd8 32. Ne3 d4 33. Bxc6+ Rxc6 34.
cxd4 Rxd4+ 35. Ke2 Rxf4 0-1

[Event "Frankfurt Ch 2005"]
[Site "Ffm-Kalbach, LAZ"]
[Date "2006.05.02"]
[Round "2.17"]
[White "Minor, Samuel"]
[Black "Ruebsamen, Dietmar"]
[Result "1-0"]
[WhiteElo "2092"]
[BlackElo "1860"]
[PlyCount "37"]
[EventDate "2006.??.??"]

1. e4 e6 2. d3 d5 3. Qe2 Be7 4. Nf3 c5 5. g3 Nc6 6. Bg2 Nf6 7. O-O O-O 8. e5
Nd7 9. Re1 b5 10. Nbd2 a5 11. h4 b4 12. c4 Nb6 13. Nf1 Qe8 14. Bf4 Bb7 15. N1h2
Nd8 16. Ng4 h5 17. Ngh2 f6 18. exf6 gxf6 19. Nd2 1-0

[Event "Frankfurt Ch 2005"]
[Site "Ffm-Kalbach, LAZ"]
[Date "2006.05.02"]
[Round "2.18"]
[White "Winand, Edgar"]
[Black "Schwenkreis, Thomas"]
[Result "0-1"]
[WhiteElo "1824"]
[BlackElo "2090"]
[PlyCount "68"]
[EventDate "2006.??.??"]

1. Nf3 Nf6 2. d4 d6 3. b3 g6 4. Bb2 Bg7 5. Nbd2 Bf5 6. Nh4 Bg4 7. h3 Bd7 8. g3
Nc6 9. Bg2 e5 10. dxe5 dxe5 11. e4 O-O 12. Nc4 Re8 13. O-O Qc8 14. g4 h5 15. f3
Qd8 16. Qe1 b5 17. Na3 Nh7 18. Rd1 Bf6 19. Nxb5 Bxh4 20. Qd2 Nf8 21. Ba3 Nb8
22. Qc3 Ne6 23. Qxe5 Bf6 24. Qh2 Qc8 25. f4 Bxb5 26. e5 Bg7 27. Bxa8 Bxf1 28.
Kxf1 c6 29. Rd6 Bf8 30. Qd2 Bxd6 31. exd6 Nd7 32. Bb2 Qxa8 33. f5 c5 34. f6
Qh1+ 0-1

[Event "Frankfurt Ch 2005"]
[Site "Ffm-Kalbach, LAZ"]
[Date "2006.05.02"]
[Round "2.19"]
[White "Diaz, Joaquin"]
[Black "Kolker, Vladislav"]
[Result "1-0"]
[WhiteElo "2087"]
[BlackElo "1856"]
[PlyCount "69"]
[EventDate "2006.??.??"]

1. e4 c5 2. Nf3 d6 3. d4 cxd4 4. Nxd4 Nf6 5. Nc3 a6 6. Bc4 e6 7. a3 Be7 8. O-O
O-O 9. f4 b5 10. Ba2 Bb7 11. f5 e5 12. Nde2 Qb6+ 13. Kh1 Ng4 14. Qe1 Ne3 15.
Qf2 Nc4 16. Qg3 Kh8 17. b3 Na5 18. Bd2 Nd7 19. Nd5 Bxd5 20. Bxa5 Qxa5 21. b4
Qc7 22. Bxd5 Rac8 23. Bb3 Nb6 24. Rfd1 Qc6 25. Qg4 Nc4 26. Rd3 a5 27. Bxc4 Qxc4
28. Rc3 Qxc3 29. Nxc3 Rxc3 30. Qe2 Rfc8 31. Qxb5 axb4 32. axb4 Rxc2 33. g3 h5
34. Qd5 Kg8 35. Ra8 1-0

[Event "Frankfurt Ch 2005"]
[Site "Ffm-Kalbach, LAZ"]
[Date "2006.05.02"]
[Round "2.20"]
[White "Kayser, Felix"]
[Black "Krüger, Till"]
[Result "1-0"]
[WhiteElo "2083"]
[BlackElo "1854"]
[PlyCount "97"]
[EventDate "2006.??.??"]

1. e4 d6 2. d4 Nf6 3. Bd3 g6 4. Nf3 Bg7 5. h3 c6 6. Be3 Qc7 7. Qd2 O-O 8. Bh6
e5 9. dxe5 dxe5 10. Nc3 Nbd7 11. Qg5 Re8 12. O-O Nc5 13. Bxg7 Kxg7 14. Rfe1 h6
15. Qe3 Nxd3 16. cxd3 Be6 17. d4 exd4 18. Nxd4 a6 19. e5 Nd5 20. Nxe6+ fxe6 21.
Qg3 Nxc3 22. Qxc3 Rad8 23. Rad1 Re7 24. Rd6 Rf8 25. Qc5 Rd8 26. Red1 Rf8 27. b4
Rf5 28. a4 h5 29. a5 Rff7 30. h4 Kh7 31. Qd4 c5 32. Qxc5 Qxc5 33. bxc5 Rc7 34.
Rc1 Rc6 35. g3 Rfc7 36. f4 Kg7 37. Rxc6 Rxc6 38. Kf2 Rc7 39. Ke3 Rd7 40. c6 Rc7
41. cxb7 Rxb7 42. Rc6 Rb3+ 43. Kf2 Ra3 44. Rxa6 Kf7 45. Ra7+ Kf8 46. a6 Kg8 47.
Ke2 Kf8 48. Kd2 Rxg3 49. Rb7 1-0

[Event "Frankfurt Ch 2005"]
[Site "Ffm-Kalbach, LAZ"]
[Date "2006.05.02"]
[Round "2.21"]
[White "Ganjian, Mehrdad"]
[Black "Wanie, Karsten"]
[Result "0-1"]
[WhiteElo "1802"]
[BlackElo "2055"]
[PlyCount "82"]
[EventDate "2006.??.??"]

1. c4 e6 2. d4 f5 3. g3 Nf6 4. Bg2 d5 5. Nf3 c6 6. Qc2 Bd6 7. O-O O-O 8. Bd2 a5
9. a3 Ne4 10. c5 Bc7 11. Nc3 Nd7 12. b4 e5 13. dxe5 Nxe5 14. Rad1 Qe8 15. Bc1
Ng4 16. b5 Qh5 17. b6 Be5 18. Nxd5 cxd5 19. Rxd5 Bf6 20. Qxe4 fxe4 21. Rxh5
exf3 22. exf3 Ne5 23. f4 Nc6 24. Bd5+ Kh8 25. Be4 h6 26. Be3 Bg4 27. Rd5 Rad8
28. Rd6 Be7 29. Rg6 Bf5 30. Bxf5 Rxf5 31. Rc1 Bf6 32. g4 Rfd5 33. g5 Kh7 34.
gxf6 Kxg6 35. fxg7 Kxg7 36. Rc4 Rf5 37. Kg2 Kf7 38. Kf3 Ne5+ 39. Ke4 Nxc4 40.
Kxf5 Nxe3+ 41. fxe3 Rd5+ 0-1

[Event "Frankfurt Ch 2005"]
[Site "Ffm-Kalbach, LAZ"]
[Date "2006.05.02"]
[Round "2.22"]
[White "Svitek, Volker"]
[Black "Schöne, Matthias"]
[Result "1-0"]
[WhiteElo "2045"]
[BlackElo "1846"]
[PlyCount "77"]
[EventDate "2006.??.??"]

1. b4 c6 2. e3 d5 3. Bb2 Nf6 4. c4 e6 5. b5 Be7 6. a4 O-O 7. Nf3 Nbd7 8. Be2
dxc4 9. Bxc4 Nb6 10. Be2 c5 11. O-O a5 12. d4 Nbd5 13. Nbd2 b6 14. Qb3 Bb7 15.
Rfd1 Rc8 16. Rac1 Nd7 17. Bc4 cxd4 18. Bxd4 Bf6 19. Bxf6 Qxf6 20. Ne4 Qg6 21.
Nd6 Nc5 22. Qa3 Rfd8 23. Nxb7 Nxb7 24. Bxd5 exd5 25. Ne5 Qe4 26. Nc6 Nc5 27.
Rd4 Qe6 28. Nxd8 Rxd8 29. Rcd1 Ne4 30. f3 Nf6 31. e4 h5 32. Qd3 h4 33. exd5 Qd6
34. Rxh4 Qc5+ 35. Rd4 Rxd5 36. Kh1 Rf5 37. Rd8+ Kh7 38. g4 Ne4 39. Qxe4 1-0

[Event "Frankfurt Ch 2005"]
[Site "Ffm-Kalbach, LAZ"]
[Date "2006.05.02"]
[Round "2.23"]
[White "Adair, Robin"]
[Black "Kabir, Razaul"]
[Result "0-1"]
[WhiteElo "1797"]
[BlackElo "2024"]
[PlyCount "84"]
[EventDate "2006.??.??"]

1. d4 Nf6 2. Nf3 e6 3. g3 c5 4. Bg2 Nc6 5. O-O cxd4 6. Nxd4 Qb6 7. Nb3 d5 8. c3
Be7 9. Be3 Qc7 10. h3 O-O 11. Na3 e5 12. Nb5 Qb8 13. Bg5 a6 14. Na3 Be6 15.
Bxf6 Bxf6 16. Nc5 b5 17. Nxe6 fxe6 18. Bxd5 exd5 19. Qxd5+ Kh8 20. Qxc6 b4 21.
cxb4 Qxb4 22. Rab1 Rfc8 23. Qd5 Rab8 24. Qd3 e4 25. Qd1 Bxb2 26. Nc2 Qa4 27.
Ne3 Qxa2 28. Qd6 a5 29. Nf5 a4 30. Ne7 Rd8 31. Qf4 Qe6 32. Qc7 a3 33. Rfd1 Re8
34. Nc6 Rbc8 35. Nd8 Rxc7 36. Nxe6 Rc2 37. Nd4 Rc4 38. e3 Rb8 39. Nb3 Kg8 40.
Na5 Rc5 41. Rd8+ Rxd8 42. Nb7 Rdc8 0-1

[Event "Frankfurt Ch 2005"]
[Site "Ffm-Kalbach, LAZ"]
[Date "2006.05.02"]
[Round "2.24"]
[White "Kreiling, Carsten"]
[Black "Genis, Roy"]
[Result "1-0"]
[WhiteElo "2018"]
[BlackElo "1812"]
[PlyCount "53"]
[EventDate "2006.??.??"]

1. d4 Nf6 2. Nf3 d5 3. c4 c6 4. Nc3 e6 5. Bg5 dxc4 6. e4 b5 7. e5 h6 8. Bh4 g5
9. Nxg5 hxg5 10. Bxg5 Nbd7 11. exf6 Bb7 12. g3 c5 13. d5 Qb6 14. Bg2 b4 15. Rb1
O-O-O 16. O-O bxc3 17. bxc3 Qa6 18. Rxb7 Nb6 19. Rxf7 Nxd5 20. Qg4 Bh6 21. Bxh6
Rxh6 22. Bxd5 Rxd5 23. Rf8+ Rd8 24. Rxd8+ Kxd8 25. Rd1+ Kc8 26. Qg8+ Kc7 27.
Qd8+ 1-0

[Event "Frankfurt Ch 2005"]
[Site "Ffm-Kalbach, LAZ"]
[Date "2006.05.02"]
[Round "2.26"]
[White "Bitzer, Andre"]
[Black "Czech, Ludwig"]
[Result "0-1"]
[WhiteElo "1692"]
[BlackElo "2004"]
[PlyCount "66"]
[EventDate "2006.??.??"]

1. b3 d5 2. Bb2 c5 3. e3 a6 4. f4 Nc6 5. Nf3 Nf6 6. g3 Bg4 7. Bg2 g6 8. O-O Bg7
9. d3 O-O 10. Nbd2 Qd7 11. a3 Bh3 12. Qe2 Bxg2 13. Kxg2 b5 14. Rad1 e6 15. Ne5
Nxe5 16. Bxe5 Qc6 17. Nf3 a5 18. Rb1 Rfd8 19. c4 dxc4 20. dxc4 b4 21. a4 Ne4
22. Kg1 f6 23. Bb2 Rd7 24. Rbd1 Rad8 25. Qc2 f5 26. Rxd7 Qxd7 27. Bxg7 Kxg7 28.
Qb2+ Kg8 29. Re1 Nc3 30. Ne5 Qb7 31. Qc2 Rd6 32. Qc1 Qa8 33. Rf1 Ne2+ 0-1

[Event "Frankfurt Ch 2005"]
[Site "Ffm-Kalbach, LAZ"]
[Date "2006.05.02"]
[Round "2.27"]
[White "Smith-Meyer, Geir"]
[Black "Graebner, Walter"]
[Result "0-1"]
[WhiteElo "1669"]
[BlackElo "1997"]
[PlyCount "120"]
[EventDate "2006.??.??"]

1. d4 Nf6 2. Bf4 d5 3. c3 e6 4. Nf3 Be7 5. Nbd2 Nbd7 6. e3 c5 7. Bd3 b6 8. Rc1
Bb7 9. g4 Ne4 10. h4 h5 11. g5 c4 12. Bc2 f6 13. Nxe4 dxe4 14. Nd2 e5 15. dxe5
fxe5 16. Bg3 Qc7 17. Bxe4 Bxe4 18. Nxe4 Qc6 19. f3 O-O-O 20. O-O Nc5 21. Qc2
Rd3 22. Nd2 Qe6 23. Kg2 Rhd8 24. Rf2 Rxe3 25. Nf1 Red3 26. Re1 Bd6 27. Qe2 Re8
28. Nd2 Bc7 29. Ne4 Qd5 30. Nxc5 Qxc5 31. Qe4 Qd5 32. Qf5+ Qe6 33. Qh7 g6 34.
Qg7 Rd7 35. Qf6 Qxf6 36. gxf6 Rf7 37. f4 Rxf6 38. Rfe2 e4 39. Rxe4 Rxe4 40.
Rxe4 b5 41. b3 cxb3 42. axb3 a5 43. Kf3 Kb7 44. Bf2 Kc6 45. Bd4 Rd6 46. Re3 Bd8
47. Kg3 a4 48. bxa4 bxa4 49. Re5 Bb6 50. Bxb6 Kxb6 51. f5 a3 52. fxg6 Rxg6+ 53.
Kh2 a2 54. Re1 Kc5 55. Ra1 Ra6 56. Kg3 Kc4 57. Kf4 Kxc3 58. Kg5 Ra5+ 59. Kg6
Kb2 60. Rg1 a1=Q 0-1

[Event "Frankfurt Ch 2005"]
[Site "Ffm-Kalbach, LAZ"]
[Date "2006.05.02"]
[Round "2.28"]
[White "Rondio, Thomas"]
[Black "Von Auer, Ulrich"]
[Result "1/2-1/2"]
[WhiteElo "1646"]
[BlackElo "1990"]
[PlyCount "61"]
[EventDate "2006.??.??"]

1. e4 e6 2. d4 d5 3. Nc3 Bb4 4. e5 Ne7 5. Nf3 c5 6. a3 Bxc3+ 7. bxc3 Bd7 8. a4
Qa5 9. Bd2 Nbc6 10. Bb5 Qc7 11. O-O f6 12. Re1 f5 13. Ng5 g6 14. Nf3 h6 15. h4
O-O-O 16. Qc1 Ng8 17. Qa3 c4 18. a5 Re8 19. Qc5 Kb8 20. Reb1 Nd8 21. Bxd7 Qxd7
22. Bc1 Qc6 23. Qb4 Rh7 24. Ba3 Rd7 25. Qb2 Ne7 26. Qc1 Nf7 27. Bc5 Nc8 28. Rb2
a6 29. g3 Na7 30. Bxa7+ Kxa7 31. Rb6 1/2-1/2

[Event "Frankfurt Ch 2005"]
[Site "Ffm-Kalbach, LAZ"]
[Date "2006.05.02"]
[Round "2.33"]
[White "Isserman, Ryhor"]
[Black "Zuyev, Igor"]
[Result "1-0"]
[WhiteElo "2254"]
[BlackElo "1898"]
[PlyCount "53"]
[EventDate "2006.??.??"]

1. e4 d5 2. exd5 Nf6 3. d4 Nxd5 4. Nf3 g6 5. c4 Nb6 6. h3 Bg7 7. Be2 O-O 8. O-O
Nc6 9. Be3 e5 10. d5 Ne7 11. Nc3 Nf5 12. Bg5 f6 13. Bc1 c5 14. Ne4 Qc7 15. b4
Nd7 16. bxc5 Nxc5 17. d6 Qc6 18. Nxc5 Qxc5 19. d7 e4 20. d8=Q Rxd8 21. Qxd8+
Kf7 22. Nh2 Ng3 23. Re1 Nxe2+ 24. Rxe2 Qxc4 25. Ba3 Bf5 26. Qxa8 Qxe2 27. Qxb7+
1-0